| 000 | 00506nam a2200181 a 4500 | ||
|---|---|---|---|
| 005 | 20140310183156.0 | ||
| 008 | 021014s19uu xx 00 eng d | ||
| 020 | _a9713703101 | ||
| 050 |
_aTK 5105 _b.F72 1995 |
||
| 100 | _aFreeman, Roger L. | ||
| 245 |
_aPractical data communications / _cRoger L. Freeman. |
||
| 260 |
_aCainta, Rizal : _bJemma, Inc, _c1995. |
||
| 300 |
_a632 p. : _bill. ; _c20 cm. |
||
| 521 | _aIT | ||
| 650 | _aData transmission system. | ||
| 942 |
_cBK _2lcc _kFOR |
||
| 999 |
_c19779 _d19779 |
||